| 000 | 00733nam a2200241 i 4500 | ||
|---|---|---|---|
| 001 | bg | ||
| 003 | BPK | ||
| 005 | 20190719115217.0 | ||
| 008 | 000320s1979 pl f f |000 0 pol | ||
| 015 | _aPB 1980/854 | ||
| 040 |
_aWA N _cBPK |
||
| 041 | 0 | _apol | |
| 080 | _a621.3 | ||
| 080 | _a(075.8) | ||
| 100 | 1 |
_aSikora, Ryszard _d(1932- ). |
|
| 245 | 1 | 0 |
_aElektrotechnika teoretyczna. _nT. 1 / _cRyszard Sikora ; Politechnika Szczecińska. |
| 260 |
_aSzczecin : _bPS, _c1979. |
||
| 300 |
_a322 s. ; _c24 cm. |
||
| 650 | 4 |
_aElektrotechnika _xteoria. |
|
| 655 | 4 | _aPodręczniki akademickie | |
| 856 |
_uhttp://koha.tu.koszalin.pl/cgi-bin/koha/opac-detail.pl?biblionumber=18798 _yKatalog online BPK |
||
| 942 |
_2UKD _cKS |
||
| 999 |
_c18798 _d18798 |
||